[Event "Biel Master Tournament 2019"]
[Site "Biel"]
[Date "2019.07.22"]
[Round "1.18"]
[White "Moussard, Jules"]
[Black "Giacomini, Hector"]
[Result "1-0"]
[WhiteElo "2576"]
[BlackElo "2156"]
[Annotator "ChessBase"]
[PlyCount "103"]
[EventDate "2019.07.20"]
[EventType "swiss"]
[EventCountry "SUI"]
[SourceTitle "playchess.com"]
[Source "ChessBase"]
[SourceQuality "1"]
[TimeControl "40/5400+30:1800+30"]

1. e4 {[%emt 0:09:10]} c6 {[%emt 0:00:00]} 2. Nc3 {[%emt 0:01:23]} d5 {[%emt 0:00:00]} 3. d4 {[%emt 0:00:32]} dxe4 {[%emt 0:00:01]} 4. Nxe4 {[%emt 0:00:06]} Bf5 {[%emt 0:00:15]} 5. Qf3 {[%emt 0:02:04]} e6 {[%emt 0:01:23]} 6. c3 {[%emt 0:03:02]} Nf6 {[%emt 0:01:43]} 7. Ng3 {[%emt 0:01:16]} Bg6 {[%emt 0:00:49]} 8. N1e2 {[%emt 0:00:29]} Qd5 {[%emt 0:07:27]} 9. Qe3 {[%emt 0:07:02]} Bd6 {[%emt 0:14:30]} 10. Nf4 {[%emt 0:01:49]} Bxf4 {[%emt 0:06:18]} 11. Qxf4 {[%emt 0:03:45]} O-O {[%emt 0:01:39]} 12. c4 {[%emt 0:00:57]} Qd8 {[%emt 0:02:21]} 13. Be2 {[%emt 0:00:43]} Nbd7 {[%emt 0:00:19]} 14. O-O {[%emt 0:00:52]} Re8 {[%emt 0:00:52]} 15. b3 {[%emt 0:00:57]} a5 {[%emt 0:04:32]} 16. Ba3 {[%emt 0:05:24]} a4 {[%emt 0:02:17]} 17. Bd6 {[%emt 0:00:49]} Nf8 {[%emt 0:11:15]} 18. Bc7 {[%emt 0:08:04]} Qc8 {[%emt 0:01:24]} 19. b4 {[%emt 0:03:05]} b5 {[%emt 0:14:22]} 20. Be5 {[%emt 0:01:05]} N8d7 {[%emt 0:12:47]} 21. cxb5 {[%emt 0:00:53]} Nd5 {[%emt 0:00:32]} 22. Qd2 {[%emt 0:00:41]} Nxe5 {[%emt 0:03:45]} 23. dxe5 {[%emt 0:00:08]} cxb5 {[%emt 0:00:47]} 24. Bxb5 {[%emt 0:00:15]} Rd8 {[%emt 0:00:25]} 25. Be2 {[%emt 0:07:02]} Qb8 {[%emt 0:00:33]} 26. a3 {[%emt 0:01:00]} Qxe5 {[%emt 0:00:11]} 27. Rfd1 {[%emt 0:01:59]} h6 {[%emt 0:03:04]} 28. Rac1 {[%emt 0:00:32]} Nf4 {[%emt 0:02:13]} 29. Qe3 {[%emt 0:08:22]} Nxe2+ {[%emt 0:02:13]} 30. Nxe2 {[%emt 0:02:08]} Qb2 {[%emt 0:01:07]} 31. h3 {[%emt 0:02:12]} Rac8 {[%emt 0:01:01]} 32. Rxd8+ {[%emt 0:01:57]} Rxd8 {[%emt 0:00:05]} 33. Nf4 {[%emt 0:01:37]} Bc2 {[%emt 0:03:00]} 34. Kh2 {[%emt 0:00:46]} Bb3 {[%emt 0:00:22]} 35. Rc7 {[%emt 0:00:38]} Qf6 {[%emt 0:02:01]} 36. Nd3 {[%emt 0:00:47]} Qd4 {[%emt 0:01:02]} 37. Qxd4 {[%emt 0:00:44]} Rxd4 {[%emt 0:00:05]} 38. Nc5 {[%emt 0:00:02]} Rd2 {[%emt 0:01:26]} 39. f3 {[%emt 0:17:30]} Ra2 {[%emt 0:00:09]} 40. b5 {[%emt 0:00:55]} Bd5 {[%emt 0:00:53]} 41. Kg3 {[%emt 0:32:40]} Rb2 {[%emt 0:09:46]} 42. Rc8+ {[%emt 0:00:00]} Kh7 {[%emt 0:00:05]} 43. Rb8 {[%emt 0:00:00]} g5 {[%emt 0:07:46]} 44. b6 {[%emt 0:00:00]} f5 {[%emt 0:02:24]} 45. h4 {[%emt 0:00:00]} f4+ {[%emt 0:02:10]} 46. Kh3 {[%emt 0:00:00]} e5 {[%emt 0:06:42]} 47. Rd8 {[%emt 0:00:00]} g4+ {[%emt 0:01:23]} 48. Kxg4 {[%emt 0:00:00]} Rxg2+ {[%emt 0:00:11]} 49. Kf5 {[%emt 0:00:00]} Bxf3 {[%emt 0:00:30]} 50. Rd7+ {[%emt 0:00:00]} Kh8 {[%emt 0:01:16]} 51. Kxe5 {[%emt 0:00:00]} Bc6 {[%emt 0:01:20]} 52. Rc7 {[%emt 0:00:00]} 1-0

[Event "Biel Master Tournament 2019"]
[Site "Biel"]
[Date "2019.07.22"]
[Round "1.19"]
[White "Damianou, Ioannis"]
[Black "Brkic, Ante"]
[Result "0-1"]
[WhiteElo "2154"]
[BlackElo "2573"]
[Annotator "ChessBase"]
[PlyCount "154"]
[EventDate "2019.07.20"]
[EventType "swiss"]
[EventCountry "SUI"]
[SourceTitle "playchess.com"]
[Source "ChessBase"]
[SourceQuality "1"]
[TimeControl "40/5400+30:1800+30"]

1. e4 {[%emt 0:00:00]} c5 {[%emt 0:00:51]} 2. Nf3 {[%emt 0:00:00]} d6 {[%emt 0:00:09]} 3. d4 {[%emt 0:00:12]} cxd4 {[%emt 0:00:06]} 4. Nxd4 {[%emt 0:00:04]} Nf6 {[%emt 0:00:04]} 5. Nc3 {[%emt 0:00:05]} a6 {[%emt 0:00:30]} 6. h3 {[%emt 0:01:23]} e6 {[%emt 0:02:19]} 7. g4 {[%emt 0:00:57]} h6 {[%emt 0:00:12]} 8. Bg2 {[%emt 0:02:26]} Be7 {[%emt 0:00:14]} 9. Be3 {[%emt 0:00:41]} Nc6 {[%emt 0:00:22]} 10. Qd2 {[%emt 0:04:04]} Nxd4 {[%emt 0:03:21]} 11. Qxd4 {[%emt 0:04:04]} e5 {[%emt 0:00:07]} 12. Qd2 {[%emt 0:04:54]} b5 {[%emt 0:03:32]} 13. a3 {[%emt 0:11:11]} Be6 {[%emt 0:05:29]} 14. O-O-O {[%emt 0:04:38]} Nd7 {[%emt 0:10:07]} 15. f4 {[%emt 0:18:16]} exf4 {[%emt 0:11:29]} 16. Bxf4 {[%emt 0:00:07]} Ne5 {[%emt 0:00:20]} 17. Nd5 {[%emt 0:13:51]} Nc4 {[%emt 0:11:54]} 18. Qd4 {[%emt 0:05:08]} Bxd5 {[%emt 0:02:40]} 19. Qxd5 {[%emt 0:00:19]} Rc8 {[%emt 0:04:16]} 20. e5 {[%emt 0:06:45]} dxe5 {[%emt 0:16:26]} 21. Bxe5 {[%emt 0:05:07]} Qxd5 {[%emt 0:00:25]} 22. Rxd5 {[%emt 0:00:06]} O-O {[%emt 0:08:00]} 23. Kb1 {[%emt 0:07:13]} Rfe8 {[%emt 0:03:30]} 24. Bd4 {[%emt 0:03:10]} Bh4 {[%emt 0:03:58]} 25. Rd7 {[%emt 0:00:53]} Red8 {[%emt 0:07:18]} 26. Rxd8+ {[%emt 0:00:24]} Rxd8 {[%emt 0:00:03]} 27. Bc3 {[%emt 0:01:59]} Rd6 {[%emt 0:00:29]} 28. b3 {[%emt 0:02:06]} Ne3 {[%emt 0:01:38]} 29. Be4 {[%emt 0:00:16]} Nd1 {[%emt 0:00:52]} 30. Bb4 {[%emt 0:01:20]} Rd7 {[%emt 0:02:02]} 31. Bf3 {[%emt 0:00:55]} Ne3 {[%emt 0:01:10]} 32. Rh2 {[%emt 0:00:36]} Nf1 {[%emt 0:01:08]} 33. Rg2 {[%emt 0:01:12]} Bg5 {[%emt 0:00:26]} 34. Rf2 {[%emt 0:00:27]} Nd2+ {[%emt 0:00:33]} 35. Bxd2 {[%emt 0:00:29]} Bxd2 {[%emt 0:00:03]} 36. Kb2 {[%emt 0:01:38]} Bg5 {[%emt 0:00:38]} 37. c4 {[%emt 0:00:40]} bxc4 {[%emt 0:01:01]} 38. bxc4 {[%emt 0:00:05]} Rd3 {[%emt 0:00:08]} 39. a4 {[%emt 0:01:09]} Bf6+ {[%emt 0:01:05]} 40. Ka2 {[%emt 0:00:39]} Rc3 {[%emt 0:00:20]} 41. Bd5 {[%emt 0:02:11]} Rxh3 {[%emt 0:02:13]} 42. Rc2 {[%emt 0:04:17]} Rd3 {[%emt 0:02:50]} 43. Bb7 {[%emt 0:01:42]} a5 {[%emt 0:01:09]} 44. Bd5 {[%emt 0:04:40]} Kf8 {[%emt 0:02:06]} 45. Re2 {[%emt 0:00:49]} Rd4 {[%emt 0:02:32]} 46. Re4 {[%emt 0:01:31]} Rd3 {[%emt 0:04:23]} 47. Kb1 {[%emt 0:02:59]} g6 {[%emt 0:05:04]} 48. Kc2 {[%emt 0:00:15]} Ra3 {[%emt 0:00:10]} 49. Bc6 {[%emt 0:00:07]} Be7 {[%emt 0:03:54]} 50. Kd2 {[%emt 0:01:52]} Bc5 {[%emt 0:01:37]} 51. Ke2 {[%emt 0:02:14]} Kg7 {[%emt 0:00:01]} 52. Re5 {[%emt 0:00:32]} Bb4 {[%emt 0:00:21]} 53. Bb5 {[%emt 0:00:52]} Kf6 {[%emt 0:00:49]} 54. Rd5 {[%emt 0:00:41]} Rc3 {[%emt 0:00:45]} 55. Kf2 {[%emt 0:00:29]} Ke6 {[%emt 0:00:19]} 56. Bd7+ {[%emt 0:00:20]} Ke7 {[%emt 0:00:18]} 57. Bb5 {[%emt 0:00:07]} Bd6 {[%emt 0:00:48]} 58. Ba6 {[%emt 0:01:45]} Bb4 {[%emt 0:00:37]} 59. Bb5 {[%emt 0:00:06]} f5 {[%emt 0:05:27]} 60. gxf5 {[%emt 0:00:43]} g5 {[%emt 0:00:01]} 61. Re5+ {[%emt 0:02:10]} Kf6 {[%emt 0:00:02]} 62. Re6+ {[%emt 0:00:11]} Kxf5 {[%emt 0:00:03]} 63. Rxh6 {[%emt 0:00:23]} g4 {[%emt 0:00:03]} 64. Bd7+ {[%emt 0:03:37]} Kg5 {[%emt 0:00:09]} 65. Rc6 {[%emt 0:00:06]} Rc2+ {[%emt 0:01:00]} 66. Kf1 {[%emt 0:01:19]} g3 {[%emt 0:02:34]} 67. Rc8 {[%emt 0:01:51]} g2+ {[%emt 0:02:41]} 68. Kg1 {[%emt 0:00:06]} Kf4 {[%emt 0:00:15]} 69. Be6 {[%emt 0:01:52]} Bc3 {[%emt 0:00:56]} 70. Rd8 {[%emt 0:03:44]} Ke5 {[%emt 0:00:11]} 71. Bh3 {[%emt 0:00:35]} Bd4+ {[%emt 0:00:14]} 72. Rxd4 {[%emt 0:00:06]} Kxd4 {[%emt 0:00:04]} 73. Bxg2 {[%emt 0:00:07]} Rxc4 {[%emt 0:00:10]} 74. Kf2 {[%emt 0:01:14]} Rxa4 {[%emt 0:00:05]} 75. Bc6 {[%emt 0:00:08]} Ra2+ {[%emt 0:00:13]} 76. Ke1 {[%emt 0:00:04]} a4 {[%emt 0:00:11]} 77. Kd1 {[%emt 0:00:28]} Ke5 {[%emt 0:00:32]} 0-1

[Event "Biel Master Tournament 2019"]
[Site "Biel"]
[Date "2019.07.22"]
[Round "1.20"]
[White "Santos Ruiz, Miguel"]
[Black "Ferster, Fabian"]
[Result "1-0"]
[WhiteElo "2567"]
[BlackElo "2150"]
[Annotator "ChessBase"]
[PlyCount "65"]
[EventDate "2019.07.20"]
[EventType "swiss"]
[EventCountry "SUI"]
[SourceTitle "playchess.com"]
[Source "ChessBase"]
[SourceQuality "1"]
[TimeControl "40/5400+30:1800+30"]

1. d4 {[%emt 0:03:42]} d5 {[%emt 0:00:00]} 2. c4 {[%emt 0:00:04]} Nc6 {[%emt 0:00:00]} 3. cxd5 {[%emt 0:00:25]} Qxd5 {[%emt 0:00:00]} 4. e3 {[%emt 0:00:04]} e5 {[%emt 0:00:09]} 5. Nc3 {[%emt 0:00:07]} Bb4 {[%emt 0:00:06]} 6. Bd2 {[%emt 0:00:34]} Bxc3 {[%emt 0:00:05]} 7. bxc3 {[%emt 0:00:02]} Nf6 {[%emt 0:00:10]} 8. c4 {[%emt 0:00:18]} Qd6 {[%emt 0:00:05]} 9. d5 {[%emt 0:00:03]} Nb8 {[%emt 0:00:20]} 10. Qb1 {[%emt 0:08:13]} Na6 {[%emt 0:00:15]} 11. Ne2 {[%emt 0:01:20]} O-O {[%emt 0:03:37]} 12. Nc3 {[%emt 0:05:53]} c6 {[%emt 0:11:16]} 13. e4 {[%emt 0:01:33]} Nc5 {[%emt 0:10:25]} 14. Be2 {[%emt 0:09:53]} Rb8 {[%emt 0:12:08]} 15. O-O {[%emt 0:08:03]} b5 {[%emt 0:08:29]} 16. cxb5 {[%emt 0:01:46]} cxd5 {[%emt 0:00:10]} 17. exd5 {[%emt 0:00:15]} Nxd5 {[%emt 0:00:32]} 18. Nxd5 {[%emt 0:03:46]} Qxd5 {[%emt 0:00:09]} 19. Rd1 {[%emt 0:00:05]} Bb7 {[%emt 0:04:41]} 20. Bf1 {[%emt 0:01:46]} Rfc8 {[%emt 0:03:43]} 21. Be3 {[%emt 0:04:57]} Qe6 {[%emt 0:00:28]} 22. Qb4 {[%emt 0:15:20]} Ne4 {[%emt 0:03:05]} 23. Rac1 {[%emt 0:03:00]} Ra8 {[%emt 0:11:22]} 24. Rxc8+ {[%emt 0:02:07]} Rxc8 {[%emt 0:01:04]} 25. Qa5 {[%emt 0:01:05]} Qe7 {[%emt 0:17:19]} 26. Qxa7 {[%emt 0:00:06]} Nc3 {[%emt 0:02:02]} 27. Bc5 {[%emt 0:11:00]} Rxc5 {[%emt 0:01:03]} 28. Qxb7 {[%emt 0:00:04]} Qe8 {[%emt 0:02:34]} 29. Rd2 {[%emt 0:04:25]} g6 {[%emt 0:01:04]} 30. b6 {[%emt 0:01:09]} Na4 {[%emt 0:06:40]} 31. Qa7 {[%emt 0:02:10]} Rc1 {[%emt 0:01:46]} 32. b7 {[%emt 0:00:11]} Rb1 {[%emt 0:00:05]} 33. Qa8 {[%emt 0:00:24]} 1-0

[Event "Biel Master Tournament 2019"]
[Site "Biel"]
[Date "2019.07.23"]
[Round "2.1"]
[White "Xiong, Jeffery"]
[Black "Notkevich, Benjamin Arvola"]
[Result "1-0"]
[WhiteElo "2691"]
[BlackElo "2497"]
[Annotator "TA"]
[PlyCount "71"]
[EventDate "2019.07.20"]
[EventType "swiss"]
[EventCountry "SUI"]
[SourceTitle "playchess.com"]
[Source "ChessBase"]
[SourceQuality "1"]

{[%evp 13,71,10,22,16,50,34,24,6,46,43,47,60,52,33,33,27,29,31,41,39,30,35,43,30,31,27,66,62,63,44,38,43,46,44,46,43,85,85,98,92,93,93,120,109,195,207,206,202,283,275,490,490,490,490,490,490,490,483,461,434]} 1. e4 e6 2. d4 d5 3. Nc3 Bb4 4. Nge2 dxe4 5. a3 Be7 6. Nxe4 Nf6 7. Nxf6+ Bxf6 8. Be3 {C15: French: 3 Nc3 Bb4: Unusual White 4th moves} b6 (8... O-O 9. Qd2 b6 10. O-O-O Bb7 11. h4 Nd7 12. Nf4 Be7 13. h5 Nf6 14. f3 Qc8 15. Qf2 Rd8 {0-1 (33) Jobava,B (2703)-Ivanchuk,V (2757) Leuven 2017}) 9. Nf4 Bb7 10. Nh5 {White has an edge.} Nd7 11. Qg4 g6 12. Nxf6+ Nxf6 13. Qh4 {[#] Black must now prevent Bg5.} Nd5 14. Bg5 f6 15. Bd2 Qd7 $146 ({Predecessor:} 15... O-O) 16. O-O-O O-O-O 17. Bc4 Qc6 18. b3 Kb8 19. Rhe1 b5 20. Bxd5 $1 Qxd5 21. Qxf6 Rhf8 22. Qh4 Qxd4 23. Qxd4 Rxd4 24. f3 Rfd8 25. Rxe6 g5 26. Re2 g4 27. f4 h5 28. Rde1 h4 (28... R4d5 $16 29. Bc3 Bc6) 29. f5 $18 Bc6 30. f6 Rf8 (30... R4d7 $142 31. Bg5 Rh8) 31. Re7 Bxg2 $2 (31... Rxf6 {might work better.} 32. Bc3 {[%mdl 64] Skewer} Rdd6 33. Bxf6 Rxf6) 32. Re8+ Rd8 33. Rxd8+ Rxd8 34. f7 Bc6 35. Bh6 g3 36. h3 1-0

[Event "Biel Master Tournament 2019"]
[Site "Biel"]
[Date "2019.07.23"]
[Round "2.2"]
[White "Vasanthan Perumal, Vishnu Prasanna"]
[Black "Nabaty, Tamir"]
[Result "0-1"]
[WhiteElo "2503"]
[BlackElo "2678"]
[Annotator "ChessBase"]
[PlyCount "48"]
[EventDate "2019.07.20"]
[EventType "swiss"]
[EventCountry "SUI"]
[SourceTitle "playchess.com"]
[Source "ChessBase"]
[SourceQuality "1"]
[TimeControl "40/5400+30:1800+30"]

1. e4 {[%emt 0:00:00]} e5 {[%emt 0:03:25]} 2. Nf3 {[%emt 0:00:00]} Nc6 {[%emt 0:00:06]} 3. Bb5 {[%emt 0:00:00]} a6 {[%emt 0:00:06]} 4. Ba4 {[%emt 0:00:00]} Bc5 {[%emt 0:00:05]} 5. O-O {[%emt 0:02:28]} d6 {[%emt 0:00:17]} 6. d4 {[%emt 0:05:25]} exd4 {[%emt 0:00:22]} 7. Nxd4 {[%emt 0:01:37]} Nge7 {[%emt 0:01:02]} 8. c3 {[%emt 0:04:22]} O-O {[%emt 0:08:41]} 9. Bg5 {[%emt 0:01:33]} Ne5 {[%emt 0:01:50]} 10. Nd2 {[%emt 0:06:47]} h6 {[%emt 0:06:30]} 11. Bh4 {[%emt 0:03:02]} N5g6 {[%emt 0:03:31]} 12. Bg3 {[%emt 0:00:38]} f5 {[%emt 0:01:14]} 13. exf5 {[%emt 0:06:27]} Nxf5 {[%emt 0:01:32]} 14. Qe2 {[%emt 0:07:14]} Bxd4 {[%emt 0:05:14]} 15. cxd4 {[%emt 0:00:29]} Nxd4 {[%emt 0:01:11]} 16. Qc4+ {[%emt 0:05:36]} Ne6 {[%emt 0:00:03]} 17. Bb3 {[%emt 0:14:58]} Kh8 {[%emt 0:01:41]} 18. f4 {[%emt 0:14:13]} Nh4 {[%emt 0:13:16]} 19. Rae1 {[%emt 0:07:53]} Nc5 {[%emt 0:00:56]} 20. Bxh4 {[%emt 0:02:37]} Qxh4 {[%emt 0:00:09]} 21. Bc2 {[%emt 0:00:05]} Bd7 {[%emt 0:02:19]} 22. a4 {[%emt 0:06:09]} b5 {[%emt 0:06:18]} 23. Qd4 {[%emt 0:03:02]} bxa4 {[%emt 0:01:31]} 24. Ne4 {[%emt 0:00:25]} Ne6 {[%emt 0:00:43]} 0-1

[Event "Biel Master Tournament 2019"]
[Site "Biel"]
[Date "2019.07.23"]
[Round "2.3"]
[White "Kamsky, Gata"]
[Black "Harsha, Bharathakoti"]
[Result "1-0"]
[WhiteElo "2673"]
[BlackElo "2319"]
[Annotator "TA"]
[PlyCount "87"]
[EventDate "2019.07.20"]
[EventType "swiss"]
[EventCountry "SUI"]
[SourceTitle "playchess.com"]
[Source "ChessBase"]
[SourceQuality "1"]

{[%evp 9,87,6,27,20,20,0,10,0,6,11,26,0,31,22,28,0,0,-16,-16,-12,-8,-8,8,2,8,0,0,0,0,0,8,8,16,13,29,8,8,9,8,8,60,60,58,49,74,71,84,54,56,48,53,52,38,46,39,35,39,47,52,48,63,20,24,20,46,35,37,36,73,68,117,116,103,80,116,116,443,425,445,421]} 1. e4 c5 2. Nc3 Nc6 3. Bb5 Nd4 4. Nf3 a6 5. Bd3 Nc6 6. O-O {B23: Closed Sicilian: Lines without g3} d6 7. h3 (7. b3 g6 8. Bb2 Bg7 9. h3 e6 10. Na4 e5 11. Nc3 Nge7 12. a4 {½-½ (76) Andreikin,D (2719)-Carlsen,M (2835) St Petersburg 2018}) 7... Nf6 $146 ({Predecessor:} 7... g6 8. Nd5 Bg7 9. c3 Nf6 10. Bc2 O-O 11. Re1 e5 12. Nxf6+ Qxf6 {½-½ (89) Abdusattorov,N (2546)-Zvjaginsev,V (2642) St Petersburg 2018}) 8. Re1 {The position is equal.} e5 9. Bc4 {White wants to play Ng5.} Be7 10. d3 h6 11. a3 O-O 12. Ne2 b5 13. Ba2 Be6 14. Bxe6 fxe6 15. Ng3 Qd7 16. c3 Rab8 17. b4 a5 {[%cal Ra5b4]} 18. Qb3 cxb4 19. cxb4 axb4 20. axb4 Ra8 21. Bb2 Rfc8 22. Rec1 Kh8 23. Rd1 Rxa1 24. Bxa1 Ra8 (24... Kg8 $11) 25. d4 $14 exd4 26. Bxd4 Ra4 27. Bc3 d5 28. exd5 Nxd5 {[%cal Re7b4]} 29. Nh5 Bf8 30. Nf4 $1 {[%cal Rf4d5]} Qf7 31. Nxd5 exd5 32. Nd4 ({Inferior is} 32. Rxd5 Ne7 $17) 32... Nxb4 33. Nxb5 Ra2 34. Rf1 Bc5 $1 {[%cal Ra2f2]} 35. Bd4 ({Wrong is} 35. Bxb4 $2 Rxf2 36. Bxc5 Rxf1+ 37. Kh2 Qf4+ 38. Qg3 Rh1+ $1 {[%mdl 512]} 39. Kxh1 Qxg3 $19) (35. Nd4 $5 {[%cal Rc3b4]} Ra8 36. Nf3 $14) 35... Bf8 36. Rc1 {aiming for Rc7.} Ra8 37. Rc7 $36 {[%mdl 2048] White has good play.} Qg6 $1 38. Qf3 Re8 39. g3 Qb1+ {[#]} 40. Kh2 $1 {Qf7! would kill now.} Qg6 41. h4 Nc2 42. Bc3 Qe4 $2 {[%mdl 8192] [#]} (42... Rd8 $16 43. Kg1 Qe6) 43. Qf7 $1 $18 {[%cal Rc3g7]} d4 {[#]} 44. Nd6 $1 {[%mdl 576] Double Attack. Accuracy: White = 57%, Black = 44%.} 1-0

[Event "Biel Master Tournament 2019"]
[Site "Biel"]
[Date "2019.07.23"]
[Round "2.4"]
[White "Harika, Dronavalli"]
[Black "Salem, A.R. Saleh"]
[Result "1/2-1/2"]
[WhiteElo "2425"]
[BlackElo "2672"]
[Annotator "TA"]
[PlyCount "102"]
[EventDate "2019.07.20"]
[EventType "swiss"]
[EventCountry "SUI"]
[SourceTitle "playchess.com"]
[Source "ChessBase"]
[SourceQuality "1"]

{[%evp 10,102,24,24,35,27,32,27,22,23,16,15,35,34,38,22,25,35,25,0,0,0,65,53,58,14,7,17,31,0,31,27,37,12,9,12,9,-9,0,0,-20,-31,-39,-68,-66,-72,0,-47,-48,-53,-44,-84,-81,-78,0,-48,0,-77,-68,-115,-110,-100,-108,-92,0,0,0,0,0,0,0,0,0,0,8,0,0,0,0,0,0,-16,-14,-14,0,-17,-12,-13,0,4,18,20,13,0,0]} 1. e4 c5 2. Nf3 Nc6 3. Bb5 e6 4. O-O Nge7 5. d4 cxd4 6. Nxd4 Ng6 {B30: Sicilian: 2...Nc6 3 Bb5, lines without ...g6} 7. Be3 Be7 8. Be2 O-O {White has an edge.} 9. c4 Nxd4 10. Qxd4 b6 11. Nc3 Bf6 12. Qd2 Bb7 13. f3 {[#]} Be5 $146 ({Predecessor:} 13... Qe7 14. Rad1 {½-½ (30) Oparin,G (2607)-Gelfand,B (2697) Caleta 2018}) 14. Rad1 Qc7 15. g3 Bxc3 (15... Bxg3 $1 $11 16. f4 Bh4) 16. Qxc3 $14 ({Much weaker is} 16. bxc3 Ba6 $11) 16... f5 17. exf5 Rxf5 18. Qd4 Bc6 19. Bd3 Rf7 20. Be4 Raf8 21. Bxc6 Qxc6 22. f4 h5 23. h4 Ne7 {White must now prevent ...Nf5.} 24. Qxd7 Qxc4 25. Qd3 Qxa2 26. Qe2 Nf5 27. Bf2 Nh6 (27... Qb3 $17 28. Kg2 g6) 28. Rfe1 Ng4 29. Bd4 Qb3 30. Rd3 Qc4 31. Rd2 Qb3 32. Rd3 Qc4 33. Rd2 $1 {[#]} Qxe2 $1 34. Rdxe2 Rd8 35. Bc3 Rd3 36. Kg2 {[#]} Nh6 (36... Re7 $1 $17) 37. Rxe6 $11 {The position is equal.} Kh7 {aiming for ...Nf5.} (37... Nf5 $5) 38. R6e3 Rdd7 39. Kh3 Ng4 40. R3e2 Kg6 41. Re8 Nh6 42. R8e6+ Kh7 43. R6e3 Nf5 44. Rf3 Rd6 45. Rg1 Rfd7 46. Re1 Rd3 47. Kg2 Kg6 48. Re5 Rxf3 49. Kxf3 Rd3+ 50. Kf2 Rd7 51. g4 hxg4 {Accuracy: White = 50%, Black = 58%.} 1/2-1/2

[Event "Biel Master Tournament 2019"]
[Site "Biel"]
[Date "2019.07.23"]
[Round "2.5"]
[White "Jumabayev, Rinat"]
[Black "Akash PC, Lyer"]
[Result "1-0"]
[WhiteElo "2633"]
[BlackElo "2441"]
[Annotator "TA"]
[PlyCount "93"]
[EventDate "2019.07.20"]
[EventType "swiss"]
[EventCountry "SUI"]
[SourceTitle "playchess.com"]
[Source "ChessBase"]
[SourceQuality "1"]

{[%evp 12,93,29,29,29,29,35,25,35,25,25,31,35,29,29,29,36,30,41,50,48,35,31,18,51,46,44,47,52,40,87,91,106,75,85,68,64,42,131,107,165,169,202,193,189,194,251,243,235,229,240,234,254,247,252,237,270,262,253,270,259,260,269,270,487,253,321,322,318,318,398,377,393,400,510,495,441,344,676,697,856,800,823,808]} 1. e4 c5 2. Nf3 Nc6 3. Nc3 e5 4. Bc4 d6 5. d3 Be7 6. Nd2 Nf6 7. Nf1 a6 {B30: Sicilian: 2...Nc6 3 Bb5, lines without ...g6} (7... Nd7 8. Nd5 Nb6 9. Nxb6 axb6 10. c3 O-O 11. Ne3 Bg5 12. O-O Kh8 13. a3 f5 14. Nxf5 Bxc1 15. Rxc1 Bxf5 16. exf5 {0-1 (33) Svidler,P (2735)-Carlsen,M (2845) Karlsruhe/Baden Baden 2019}) 8. a4 Bg4 9. f3 Be6 {White has an edge.} 10. Ne3 O-O 11. O-O Nb4 12. Re1 Rb8 13. Bd2 Re8 $146 ({Predecessor:} 13... Qd7 14. a5 Bd8 15. Ncd5 Nbxd5 16. exd5 Bf5 17. Rf1 Bg6 18. Bb3 Nh5 19. g3 f5 20. f4 exf4 21. gxf4 {½-½ (21) Brustkern,J (2293)-Dub,Z (2297) Budapest 2002}) 14. a5 g6 15. Kh1 Bf8 16. Qe2 Bg7 17. Qf2 Rc8 18. Ncd5 Nbxd5 19. exd5 Bd7 20. Rab1 Rc7 21. b4 cxb4 22. Rxb4 Bc8 23. Rb6 Bf8 24. Bb4 Be7 (24... Rxc4 $14 25. dxc4 Nd7) 25. Qd2 Rf8 (25... Rd7 $16 {was worth a try.}) 26. Bb3 $18 Rd7 27. Qc3 Ne8 28. Ba4 Nc7 (28... Rc7 {was called for.} 29. Qa3 Bd7) 29. Bxd7 Qxd7 {[#]} 30. Qa3 $1 Rd8 {If Black can now play ...Na8 this consolidates a bit.} 31. Bd2 Nb5 32. Qa2 Bh4 33. Rf1 Be7 34. c4 Nd4 35. Bc3 Re8 36. Rbb1 {[%cal Bb6b1,Bb1e1,Be1e7][%mdl 32]} Bg5 37. Qf2 Qa4 $2 {[#]} (37... Nf5) 38. Rfe1 (38. f4 $142 $1 Bxf4 (38... exf4 39. Bxd4) 39. Bxd4) 38... Qa3 39. Bxd4 exd4 40. Nc2 {[%mdl 64] Discovered Attack} Rxe1+ 41. Rxe1 ({Less strong is} 41. Qxe1 Qxd3 42. Nxd4 Qxc4 $14) 41... Qa4 42. Qxd4 Bd2 43. Re7 {Intending Qf6! and mate.} Bg5 44. Re2 Bf5 $2 (44... Qd7 45. Qb6 h6) 45. h4 {White is clearly winning.} Bd8 46. c5 {[%mdl 64] Discovered Attack} Qd7 47. cxd6 {Accuracy: White = 70%, Black = 44%.} 1-0

[Event "Biel Master Tournament 2019"]
[Site "Biel"]
[Date "2019.07.23"]
[Round "2.6"]
[White "Drozdowski, Kacper"]
[Black "Iturrizaga Bonelli, Eduardo"]
[Result "1/2-1/2"]
[WhiteElo "2485"]
[BlackElo "2625"]
[Annotator "TA"]
[PlyCount "78"]
[EventDate "2019.07.20"]
[EventType "swiss"]
[EventCountry "SUI"]
[SourceTitle "playchess.com"]
[Source "ChessBase"]
[SourceQuality "1"]

{[%evp 10,78,45,40,22,36,38,44,42,46,38,17,59,37,17,0,0,0,0,-5,0,0,28,0,0,0,27,10,43,34,35,27,74,0,0,0,0,0,-20,-40,-49,-112,-118,-133,-127,-122,-125,-125,-124,-123,-125,-129,-125,-139,-106,-120,-101,-115,-97,-94,-108,-119,-24,-35,-24,-24,-24,-24,-24,-20,-20]} 1. e4 c5 2. Nf3 e6 3. d4 cxd4 4. Nxd4 a6 5. Bd3 Qc7 6. Qe2 d6 {B42: Sicilian: Kan Variation: 5 Bd3} 7. O-O (7. b3 Nf6 8. Bb2 Be7 9. Nd2 O-O 10. c4 b6 11. f4 Nbd7 12. O-O Bb7 13. Rae1 Rad8 14. Bc2 g6 15. e5 dxe5 16. fxe5 Nh5 17. N2f3 Ng7 18. Kh1 Rfe8 19. Qe3 f5 20. exf6 Bxf6 {1-0 (28) Bartel,M (2627)-Petr,M (2526) Czechia 2012}) 7... g6 8. c4 Bg7 {White is slightly better.} 9. Nf3 Nf6 10. Bf4 Nh5 11. Bg5 $146 ({Predecessor:} 11. Be3 Nd7 12. Nc3 Bxc3 13. bxc3 e5 14. Rfd1 Nc5 15. Bc2 f6 16. Rab1 Be6 {0-1 (38) Aliavdin,N (2398)-Kosov,I (2365) Orsha 2008}) 11... Nd7 12. Nc3 Bxc3 13. bxc3 e5 14. Bh6 Nc5 15. Bc2 Be6 16. Nd4 Bd7 17. Nb3 Ne6 18. g3 O-O-O 19. Be3 Bc6 20. Rfd1 Nhg7 21. c5 (21. a4 $16) 21... d5 $11 22. exd5 Rxd5 23. Rxd5 Bxd5 24. Rd1 Rd8 25. Rxd5 ({Better is} 25. h4 $15) 25... Rxd5 $17 26. Be4 Rd8 27. c6 bxc6 28. Qxa6+ Qb7 29. Qxb7+ Kxb7 30. Na5+ Kc7 31. Nxc6 Rd1+ 32. Kg2 Nf5 33. Bxf5 {[#] Threatens to win with Bc2.} Kxc6 ({Don't play} 33... gxf5 34. Nxe5 f6 35. Nf7 $15) 34. Bxe6 fxe6 {KR-KB} 35. Kf3 Kd5 (35... Kd6 $17 {Hoping for ...Ra1.} 36. Ke4 Ra1) 36. Kg4 $1 $11 Rd3 37. Kg5 Rxc3 38. a4 Ra3 39. Kh6 Ke4 {Accuracy: White = 53%, Black = 67%.} 1/2-1/2